000 00401nam a2200169Ia 4500
003 LK-CoDNM
008 010623t1992 xxu||||| |||| 00| 1 sin d
040 _aLK-CoDNM
_dLK-CoDNM
_eLK-CoDNM
041 _asin
080 _aDa 17
100 _aMedellawa Korala
245 _aඅරිෂ්ඨ මාලාව
246 _aArista Malawa
260 _b
_c1992
300 _b20p, 21 cm
942 _cBK
999 _c115540
_d115540